|
|
|
|
| LEADER |
00000nab a2200000ua 4500 |
| 001 |
vtls010827959 |
| 003 |
SK-MaSNL |
| 005 |
20260303140126.0 |
| 008 |
230218s2008 xo |||||||||||||||||slo| |
| 035 |
|
|
|a (urnnbn)urn:nbn:sk:snk:ar-a06e3r
|
| 035 |
|
|
|a urn:nbn:sk:snk-ab5tnt
|
| 035 |
|
|
|a (uuid)e066c316-08c0-4056-981b-d047d7b4dcd6
|
| 040 |
|
|
|a SNKBUCL
|b slo
|c SNKBUCL
|e AACR2
|
| 041 |
0 |
|
|a slo
|
| 044 |
|
|
|a xo
|c SK
|
| 100 |
1 |
|
|a Ďurišová, Petra
|4 aut
|9 403068
|
| 245 |
1 |
0 |
|a Fair Trade obchoduje spravodlivo
|c Petra Ďurišová
|
| 773 |
0 |
|
|t Ďalekohľad : časopis pre environmentálnu výchovu a filozofiu
|g Roč. 5, č. 13 (2008), s. 12-14
|
| 954 |
|
|
|a odborná, vedecká literatúra pôvodná (slovenská)
|2 lita
|
| 958 |
|
|
|a OND
|
| 958 |
|
|
|a EUIPO
|
| 958 |
|
|
|a article5
|
| 999 |
|
|
|c 1969708
|d 1971638
|